000
00349nam a2200145 a 4500
005
20140412111329.0
008
110115s19uu xx 00 eng d
020
_a
0-02-181251-9
050
_a
BB
_b
Tr784 1985
100
_a
Jonas, Ann
245
_a
The Trek /
_c
Ann Jonas.
260
_a
NY :
_b
Macmillan,
_c
1985.
300
_a
32p.
999
_c
104809
_d
104809